Normal view
MARC view
- Gallagher, James.J.Csm
Entry Personal Name
001 - CONTROL NUMBER
- control field: 76903
003 - CONTROL NUMBER IDENTIFIER
- control field: NUST
005 - DATE AND TIME OF LATEST TRANSACTION
- control field: 20210628205737.0
008 - FIXED-LENGTH DATA ELEMENTS
- fixed length control field: 210628|| aca||aabn | a|a d
040 ## - CATALOGING SOURCE
- Original cataloging agency: NUST
- Transcribing agency: NUST
100 ## - HEADING--PERSONAL NAME
- Personal name: Gallagher, James.J.Csm
670 ## - SOURCE DATA FOUND
- Source citation: Work cat.: (NUST): Gallagher, James.J.Csm, Low intensity conflict a guide for tactics techniques and procedures, 1992
